00985nam a2200277 a 450000100060000000300080000600500170001400800410003103500190007204000370009104100080012804200120013608200280014810000400017624500880021626000410030430000240034550000270036950400370039665000300043365100550046370000340051894200130055299900170056595201250058214952BD-RjUL20211208235725.0760130s1946 ii b 000 0 eng  a(BD-RjUL)15006 aDLCcCtWdCtWdDLCdBD-RjULbeng aeng apremarc a335.00954223bDES 19461 aDeva, Narendra,d1889-1956.922921410aSocialism and the national revolution /cby Narendra Deva ; ed. by Yusuf Meherally. aBombay :bPadma Publications ,c1946 axvi, 208 p.c23 cm. aAddenda slip inserted. a"Books recommended": p. 193-195. 0aSocialismzIndia.9229215 0aIndiaxPolitics and governmenty1919-1947.92292161 aMeherally, Yusuf, ed.9229217 2ddccRAR c14952d14952 00102ddc40718RAREaRUCLbRUCLcRared2019-03-11l0oRA 335.00954 DES 1946r2019-03-11 00:00:00tC-1w2019-03-11yRAR